|
|
|
|
| LEADER |
00000nam0a2200000 4500 |
| 001 |
349547 |
| 005 |
20231102010220.0 |
| 035 |
|
|
|a (RuTPU)RU\TPU\retro\2142
|
| 090 |
|
|
|a 349547
|
| 100 |
|
|
|a 20180623d1978 m y0rusy50 ca
|
| 101 |
0 |
|
|a rus
|
| 102 |
|
|
|a RU
|
| 105 |
|
|
|a a z 000zy
|
| 200 |
1 |
|
|a Олимпийские эмблемы
|f В. Л. Штейнбах
|
| 210 |
|
|
|a Москва
|c Физкультура и спорт
|d 1978
|
| 215 |
|
|
|a 188 с.
|c ил.
|
| 300 |
|
|
|a Издание получило диплом Оргкомитета "Олимпиада-80"
|
| 606 |
1 |
|
|a Олимпийское движение
|2 stltpush
|3 (RuTPU)RU\TPU\subj\46972
|9 66044
|
| 610 |
1 |
|
|a Олимпийские игры
|
| 610 |
1 |
|
|a олимпийская символика
|
| 610 |
1 |
|
|a история
|
| 610 |
1 |
|
|a миниатюрные издания
|
| 675 |
|
|
|a 796.032
|v 3
|
| 700 |
|
1 |
|a Штейнбах
|b В. Л.
|g Валерий Львович
|
| 801 |
|
1 |
|a RU
|b 63413507
|c 20180623
|
| 801 |
|
2 |
|a RU
|b 63413507
|c 20180703
|g RCR
|
| 942 |
|
|
|c BK
|